[Event "ESP-ch Seniors 2017"]
[Site "Altea"]
[Date "2017.10.09"]
[Round "3"]
[White "Fernandez Perez, Josep"]
[Black "Sanz Bastos, Fernando"]
[Result "1/2-1/2"]
[WhiteElo "2045"]
[BlackElo "1981"]
[Annotator "NA"]
[PlyCount "34"]
[EventDate "2017.??.??"]
[EventType "swiss"]
[EventCountry "ESP"]
[SourceTitle "playchess.com"]
[Source "ChessBase"]
[SourceQuality "1"]
[TimeControl "5400+30"]

1. e4 {[%emt 0:00:00]} e5 {[%emt 0:00:08]} 2. Nf3 {[%emt 0:00:00]} Nc6 {[%emt 0:00:20]} 3. Bb5 {[%emt 0:00:07]} Bc5 {[%emt 0:00:09]} 4. O-O {[%emt 0:00:23]} Nf6 {[%emt 0:00:09]} 5. c3 {[%emt 0:00:41]} O-O {[%emt 0:00:15]} 6. d4 {[%emt 0:01:39]} Bb6 {[%emt 0:00:08]} 7. Bg5 {[%emt 0:03:44]} h6 8. Bxf6 Qxf6 {[%emt 0:01:41]} 9. Bxc6 {[%emt 0:02:02]} Qxc6 {[%emt 0:01:56]} 10. Nxe5 {[%emt 0:01:59]} Qxe4 {[%emt 0:00:06]} 11. Nd2 {[%emt 0:01:44]} Qh4 {[%emt 0:02:56]} 12. Qg4 {[%emt 0:05:23]} Qxg4 {[%emt 0:03:25]} 13. Nxg4 {[%emt 0:00:10]} d5 {[%emt 0:03:45]} 14. Ne5 {[%emt 0:05:19]} Bf5 {[%emt 0:06:18]} 15. Rfe1 {[%emt 0:02:27]} f6 {[%emt 0:01:26]} 16. Nef3 {[%emt 0:00:19]} Rae8 {[%emt 0:03:30]} 17. Rxe8 {[%emt 0:02:12]} Rxe8 {[%emt 0:00:11]} 1/2-1/2

[Event "ESP-ch Seniors 2017"]
[Site "Altea"]
[Date "2017.10.09"]
[Round "3"]
[White "Vinal Gutierrez, Pedro"]
[Black "Celaya Tapiz, Jose Maria"]
[Result "1/2-1/2"]
[WhiteElo "2041"]
[BlackElo "2196"]
[Annotator "TA"]
[PlyCount "115"]
[EventDate "2017.??.??"]
[EventType "swiss"]
[EventCountry "ESP"]
[SourceTitle "playchess.com"]
[Source "ChessBase"]
[SourceQuality "1"]

{[%evp 12,115,0,0,6,11,32,29,55,58,62,33,52,43,31,31,47,58,79,54,86,48,54,53,69,40,53,33,53,42,30,-11,-1,-9,15,18,17,12,132,120,129,28,31,35,43,46,44,19,45,22,25,35,28,31,29,33,41,20,22,25,104,67,52,54,222,217,213,114,114,100,281,282,282,260,219,100,107,76,95,0,79,0,82,58,58,59,72,76,76,60,72,24,26,0,64,72,69,0,0,0,0,0,0,0,0,0]} 1. d4 Nf6 2. Bf4 d6 3. e3 g6 4. h3 Bg7 5. Nf3 O-O 6. Be2 b6 7. O-O {LiveBook: 186 Games} Nc6 {A48: 1 d4 Nf6 2 Nf3 g6: Torre, London and Colle Systems} (7... Bb7 8. Bh2 Nbd7 9. c3 Re8 10. a4 a6 11. c4 Ne4 12. a5 bxa5 13. Rxa5 c5 14. Ra3 cxd4 15. exd4 e5 {1-0 (38) Ivanchuk,V (2747)-Melkumyan,H (2633) Doha 2016}) 8. c4 Bb7 9. Nc3 Nb8 $146 {White has an edge.} ({Predecessor:} 9... Re8 10. Qc2 e5 11. dxe5 Nxe5 12. Nxe5 dxe5 13. Bg5 Qd7 14. Bxf6 Bxf6 15. Rfd1 Qe6 16. Nd5 {1-0 (49) Jovanovic,D (2076)-Maric,D (2238) Belgrade 2016}) 10. Qc2 Nbd7 11. b4 Re8 12. Bh2 e5 13. d5 h6 14. Nd2 Nh7 15. e4 Rf8 16. Bg4 Ndf6 17. Bf3 Bc8 18. c5 Ne8 19. Nc4 f5 20. cxd6 cxd6 21. Rac1 Ng5 22. Be2 fxe4 23. Nxe4 Nxe4 24. Qxe4 Qg5 (24... Bf5 $11 25. Qe3 Nf6) 25. f4 $1 $16 {[%cal Rf4g5]} Bf5 {[#]} 26. Qxe5 ({And not} 26. fxg5 Bxe4 27. Bg4 Rxf1+ 28. Rxf1 Bxd5 $15) ({White should play} 26. Qe3 $1 $16 exf4 27. Bxf4) 26... Bxe5 $11 27. fxg5 Bxh2+ 28. Kxh2 hxg5 29. Bf3 Rc8 30. Ne3 Nf6 31. Rc6 Rcd8 32. Rfc1 Rf7 33. a4 $36 {[%mdl 2048] White fights for an advantage.} Kf8 34. a5 bxa5 35. bxa5 Ne8 (35... Re7 $11 36. R1c3 (36. Nxf5 gxf5 37. a6 Rdd7 $11) 36... Be4) 36. Bg4 Bd3 37. Be6 {aiming for R6c3.} Rf4 $2 (37... Re7 $1 $14) 38. R6c3 $18 Bb5 {[#]} 39. Rb1 (39. g3 $1 $18 {[%cal Rg3f4]} Ra4 40. Ng4) 39... a6 $16 40. Ng4 Nf6 $2 (40... Kg7 $16) 41. Nxf6 $18 Rxf6 42. Rc7 Re8 43. Rb3 (43. Rb7 $18) 43... Re7 $16 44. Rc8+ Re8 45. Rc7 Re7 $1 {[%cal Re7c7]} 46. Rc8+ (46. Rc1 {keeps more tension.} Rf4 47. Rg3 Rc4 48. Rxc4 Bxc4 49. Rxg5 Kg7 50. Rg4) 46... Re8 $1 47. Rxe8+ (47. Rcc3 {feels hotter.} Rf4 48. Kg3 Re7 49. Rc8+ Re8 50. Rc1) 47... Kxe8 {[%mdl 4096] Endgame KRB-KRB} 48. Rg3 Kf8 49. Rxg5 Kg7 50. Rg3 Rf4 51. Rg4 Rf1 52. Rg3 Kh6 (52... Rf4 $11) 53. Rf3 $14 Ra1 54. g4 (54. Rf8 $14) 54... Kg5 $11 {The position is equal.} 55. Kg3 {Threatens to win with h4+.} Rg1+ 56. Kh2 Ra1 57. Kg3 {Black should prevent h4+.} Rg1+ 58. Kh2 {Precision: White = 39%, Black = 39%.} 1/2-1/2

[Event "ESP-ch Seniors 2017"]
[Site "Altea"]
[Date "2017.10.09"]
[Round "3"]
[White "Gonzalez Rivera, Eduardo"]
[Black "Dominguez Rueda, Juan"]
[Result "0-1"]
[WhiteElo "2020"]
[BlackElo "2135"]
[Annotator "ChessBase"]
[PlyCount "88"]
[EventDate "2017.??.??"]
[EventType "swiss"]
[EventCountry "ESP"]
[TimeControl "5400+30"]

1. e4 {[%emt 0:00:00]} e5 {[%emt 0:00:09]} 2. Nf3 {[%emt 0:00:00]} Nc6 {[%emt 0:00:08]} 3. Bb5 {[%emt 0:00:00]} Nf6 {[%emt 0:00:15]} 4. d3 {[%emt 0:01:11]} d6 {[%emt 0:00:23]} 5. c3 {[%emt 0:00:51]} Be7 {[%emt 0:01:25]} 6. O-O {[%emt 0:00:26]} O-O {[%emt 0:00:18]} 7. Re1 {[%emt 0:00:42]} Bd7 {[%emt 0:02:14]} 8. Ba4 {[%emt 0:00:29]} Re8 {[%emt 0:01:23]} 9. Nbd2 {[%emt 0:01:47]} a6 {[%emt 0:05:32]} 10. Nf1 {[%emt 0:01:17]} b5 {[%emt 0:02:49]} 11. Bc2 {[%emt 0:00:42]} Bf8 {[%emt 0:01:29]} 12. Ne3 {[%emt 0:05:02]} g6 {[%emt 0:01:26]} 13. Bd2 {[%emt 0:03:43]} Bg7 {[%emt 0:01:26]} 14. a4 {[%emt 0:00:13]} b4 {[%emt 0:04:20]} 15. cxb4 {[%emt 0:02:20]} Rb8 {[%emt 0:02:17]} 16. b5 {[%emt 0:14:18]} axb5 {[%emt 0:00:24]} 17. axb5 {[%emt 0:04:18]} Rxb5 {[%emt 0:00:20]} 18. Bc3 {[%emt 0:00:05]} Rb8 {[%emt 0:12:40]} 19. Bb3 {[%emt 0:08:13]} Nh5 {[%emt 0:04:01]} 20. Nd5 {[%emt 0:01:38]} Nd4 {[%emt 0:02:32]} 21. Nxd4 {[%emt 0:04:20]} exd4 {[%emt 0:00:08]} 22. Ba5 {[%emt 0:00:02]} Rb7 {[%emt 0:07:56]} 23. Rc1 {[%emt 0:06:09]} Qh4 {[%emt 0:17:05]} 24. g3 {[%emt 0:14:10]} Qh3 {[%emt 0:00:31]} 25. Rxc7 {[%emt 0:01:40]} Reb8 {[%emt 0:15:57]} 26. Rxb7 {[%emt 0:04:36]} Rxb7 {[%emt 0:00:02]} 27. Nb6 {[%emt 0:00:30]} Nf6 {[%emt 0:06:53]} 28. f3 {[%emt 0:04:49]} Bh6 {[%emt 0:00:16]} 29. Nxd7 {[%emt 0:00:40]} Nxd7 {[%emt 0:01:08]} 30. f4 {[%emt 0:05:44]} Nc5 {[%emt 0:00:26]} 31. Bd5 {[%emt 0:06:47]} Rxb2 {[%emt 0:02:22]} 32. Re2 {[%emt 0:00:02]} Qh5 {[%emt 0:01:44]} 33. Rd2 {[%emt 0:00:19]} Qxd1+ {[%emt 0:02:27]} 34. Rxd1 {[%emt 0:00:01]} g5 {[%emt 0:00:46]} 35. Bc7 {[%emt 0:01:26]} gxf4 {[%emt 0:02:05]} 36. Bxd6 {[%emt 0:00:02]} Na4 {[%emt 0:00:59]} 37. Ra1 {[%emt 0:02:12]} f3 {[%emt 0:00:17]} 38. Bf4 {[%emt 0:03:49]} Bxf4 {[%emt 0:00:35]} 39. gxf4 {[%emt 0:00:01]} Nc3 {[%emt 0:00:16]} 40. f5 {[%emt 0:02:10]} Kg7 {[%emt 0:00:26]} 41. Bc4 {[%emt 0:00:48]} Kf6 {[%emt 0:00:23]} 42. Ra7 {[%emt 0:00:08]} f2+ {[%emt 0:00:24]} 43. Kg2 {[%emt 0:00:07]} Nd1 {[%emt 0:00:16]} 44. Rxf7+ {[%emt 0:01:49]} Ke5 {[%emt 0:00:14]} 0-1

[Event "ESP-ch Seniors 2017"]
[Site "Altea"]
[Date "2017.10.09"]
[Round "3"]
[White "Lopez de Turiso, Jose Angel"]
[Black "Aranaz Portugues, Jose Carlos"]
[Result "0-1"]
[WhiteElo "2020"]
[BlackElo "2159"]
[Annotator "ChessBase"]
[PlyCount "104"]
[EventDate "2017.??.??"]
[EventType "swiss"]
[EventCountry "ESP"]
[SourceTitle "playchess.com"]
[Source "ChessBase"]
[SourceQuality "1"]
[TimeControl "5400+30"]

1. e4 {[%emt 0:00:00]} e6 {[%emt 0:00:21]} 2. d4 {[%emt 0:00:00]} d5 {[%emt 0:00:04]} 3. Nc3 {[%emt 0:00:02]} Nf6 {[%emt 0:00:12]} 4. Bg5 {[%emt 0:00:25]} Be7 {[%emt 0:00:06]} 5. e5 {[%emt 0:01:09]} Nfd7 {[%emt 0:00:21]} 6. Bxe7 {[%emt 0:00:15]} Qxe7 {[%emt 0:00:04]} 7. f4 {[%emt 0:00:44]} O-O {[%emt 0:00:28]} 8. Qd2 {[%emt 0:01:16]} c5 {[%emt 0:00:31]} 9. Nf3 {[%emt 0:00:47]} Nc6 {[%emt 0:00:49]} 10. dxc5 {[%emt 0:01:36]} Qxc5 {[%emt 0:03:53]} 11. O-O-O {[%emt 0:02:29]} a6 {[%emt 0:00:20]} 12. Nd4 {[%emt 0:02:59]} b5 {[%emt 0:01:22]} 13. Nxc6 {[%emt 0:07:58]} Qxc6 {[%emt 0:00:02]} 14. Ne2 {[%emt 0:00:11]} Nb6 {[%emt 0:00:28]} 15. Nd4 {[%emt 0:01:21]} Qc7 {[%emt 0:02:12]} 16. Bd3 {[%emt 0:07:35]} Nc4 {[%emt 0:01:04]} 17. Qf2 {[%emt 0:04:34]} Qa5 {[%emt 0:01:10]} 18. Kb1 {[%emt 0:01:32]} Bd7 {[%emt 0:00:06]} 19. g4 {[%emt 0:06:09]} Rfc8 {[%emt 0:03:12]} 20. Qh4 {[%emt 0:32:47]} g6 {[%emt 0:03:28]} 21. f5 {[%emt 0:01:17]} Qb4 {[%emt 0:24:42]} 22. Bxc4 {[%emt 0:06:03]} bxc4 {[%emt 0:03:07]} 23. c3 {[%emt 0:00:54]} Qf8 {[%emt 0:01:43]} 24. f6 {[%emt 0:01:09]} Rcb8 {[%emt 0:07:47]} 25. Rd2 {[%emt 0:04:57]} Rb6 {[%emt 0:01:33]} 26. Re1 {[%emt 0:01:46]} Rab8 {[%emt 0:09:34]} 27. Ka1 {[%emt 0:01:11]} Ba4 {[%emt 0:01:12]} 28. Re3 {[%emt 0:00:55]} h5 {[%emt 0:01:18]} 29. Qg5 {[%emt 0:02:41]} hxg4 {[%emt 0:02:39]} 30. h3 {[%emt 0:01:17]} Qa3 {[%emt 0:10:06]} 31. Qh6 {[%emt 0:02:14]} Qf8 {[%emt 0:00:23]} 32. Qf4 {[%emt 0:00:11]} Qa3 {[%emt 0:00:16]} 33. Qh2 {[%emt 0:01:50]} g3 {[%emt 0:07:02]} 34. Rxg3 {[%emt 0:00:12]} Qf8 {[%emt 0:00:02]} 35. h4 {[%emt 0:04:46]} Qh6 {[%emt 0:00:03]} 36. Rg5 {[%emt 0:00:09]} Kf8 {[%emt 0:02:38]} 37. Nf3 {[%emt 0:00:59]} Ke8 {[%emt 0:00:55]} 38. Qf2 {[%emt 0:01:07]} Kd7 {[%emt 0:04:38]} 39. h5 {[%emt 0:01:01]} gxh5 {[%emt 0:01:11]} 40. Qc5 {[%emt 0:00:52]} Qf8 {[%emt 0:00:26]} 41. Qxf8 {[%emt 0:00:33]} Rxf8 {[%emt 0:00:02]} 42. Rxh5 {[%emt 0:00:00]} Rg8 {[%emt 0:02:04]} 43. Rh7 {[%emt 0:00:38]} Ke8 {[%emt 0:02:46]} 44. Rdh2 {[%emt 0:00:38]} Bc2 {[%emt 0:00:52]} 45. Rh8 {[%emt 0:00:12]} Rxh8 {[%emt 0:00:15]} 46. Rxh8+ {[%emt 0:00:01]} Kd7 {[%emt 0:00:17]} 47. Rf8 {[%emt 0:00:46]} Bg6 {[%emt 0:00:27]} 48. Ng5 {[%emt 0:00:26]} d4 {[%emt 0:00:09]} 49. cxd4 {[%emt 0:01:24]} c3 {[%emt 0:00:01]} 50. b3 {[%emt 0:00:24]} Rc6 {[%emt 0:00:46]} 51. Ra8 {[%emt 0:00:23]} c2 {[%emt 0:00:22]} 52. Ra7+ {[%emt 0:00:08]} Kc8 {[%emt 0:00:21]} 0-1

[Event "ESP-ch Seniors 2017"]
[Site "Altea"]
[Date "2017.10.09"]
[Round "3"]
[White "Gordero Montoya, Felix"]
[Black "Cantero Navarro, Antonio"]
[Result "0-1"]
[WhiteElo "1963"]
[BlackElo "2153"]
[Annotator "NA"]
[PlyCount "51"]
[EventDate "2017.??.??"]
[EventType "swiss"]
[EventCountry "ESP"]
[SourceTitle "playchess.com"]
[Source "ChessBase"]
[SourceQuality "1"]
[TimeControl "5400+30"]

1. e4 {[%emt 0:00:00]} c5 {[%emt 0:00:10]} 2. Nf3 {[%emt 0:00:03]} Nc6 {[%emt 0:00:06]} 3. d4 {[%emt 0:00:27]} cxd4 {[%emt 0:00:06]} 4. Nxd4 {[%emt 0:01:42]} g6 {[%emt 0:00:09]} 5. Be2 {[%emt 0:01:07]} Bg7 {[%emt 0:00:13]} 6. Be3 {[%emt 0:00:36]} Nf6 {[%emt 0:01:07]} 7. Nc3 {[%emt 0:03:55]} O-O {[%emt 0:00:11]} 8. a4 {[%emt 0:02:35] B34: Sizilianisch (Beschleunigtes Fianchetto)} (8. Nb3 d6 9. g4 a6 10. h4 b5 11. h5 b4 12. Nd5 e6 13. Nb6 Rb8 14. Nxc8 Qxc8 15. Qxd6 e5 16. O-O-O a5 17. hxg6 hxg6 {1-0 (37) Fedoseev,V (2731)-Inarkiev,E (2702) Tbilisi 2017}) 8... d5 {[%emt 0:09:02]} 9. exd5 {[%emt 0:04:32]} Nxd5 $146 {[%emt 0:04:29]} ({Vorgänger:} 9... Nb4 10. O-O Nbxd5 11. Nxd5 Nxd5 12. Bc1 Qb6 13. Nb5 Be6 14. c4 Nb4 {1-0 (42) Lucaci,M (2055)-Clesiu,R (1745) Deva 1999}) 10. Nxd5 {[%emt 0:01:18]} Qxd5 {[%emt 0:00:16]} 11. Nxc6 {[%emt 0:03:28]} Qxc6 {[%emt 0:00:26]} 12. Bf3 {[%emt 0:01:25]} Qa6 {[%emt 0:00:30]} 13. c3 {[%emt 0:00:41]} Be6 {[%emt 0:01:36]} 14. Be2 {[%emt 0:02:15]} Bc4 {[%emt 0:00:20]} 15. Bxc4 {[%emt 0:00:17]} Qxc4 {[%emt 0:00:06]} 16. Qe2 {[%emt 0:00:09]} Bxc3+ {[%emt 0:00:13]} 17. Kf1 {[%emt 0:03:24]} Qxe2+ {[%emt 0:01:33]} 18. Kxe2 {[%emt 0:00:11]} Be5 {[%emt 0:18:53]} 19. Rac1 {[%emt 0:00:32]} Rfc8 {[%emt 0:05:00]} 20. Rhd1 {[%emt 0:05:48]} a6 {[%emt 0:36:48]} ({Doch nicht} 20... Bxh2 $6 21. g3 $14) (20... Bd6 $17) 21. Bb6 {[%emt 0:10:24]} ({Better is} 21. Rd7 $15) 21... Kf8 {[%emt 0:05:35]} 22. Rxc8+ {[%emt 0:03:07]} Rxc8 {[%emt 0:00:35]} 23. Rd7 $1 {[%emt 0:03:44]} Rc2+ {[%emt 0:00:00]} 24. Rd2 $2 (24. Kd3 $1 $11 {and White has nothing to worry.} Rxb2 25. a5) 24... Rxd2+ 25. Kxd2 {[%emt 0:02:39]} Bxb2 $19 {[%emt 0:00:00]} 26. Ke2 0-1

[Event "ESP-ch Seniors 2017"]
[Site "Altea"]
[Date "2017.10.09"]
[Round "3"]
[White "Hernandez Delgado, Gabriel"]
[Black "Serra Olives, Tomas"]
[Result "0-1"]
[WhiteElo "1862"]
[BlackElo "2146"]
[Annotator "ChessBase"]
[PlyCount "68"]
[EventDate "2017.??.??"]
[EventType "swiss"]
[EventCountry "ESP"]
[SourceTitle "playchess.com"]
[Source "ChessBase"]
[SourceQuality "1"]
[TimeControl "5400+30"]

1. Nf3 {[%emt 0:00:00]} Nf6 {[%emt 0:00:09]} 2. g3 {[%emt 0:00:02]} b6 {[%emt 0:00:05]} 3. Bg2 {[%emt 0:00:20]} Bb7 {[%emt 0:00:05]} 4. b3 {[%emt 0:01:07]} e6 {[%emt 0:00:30]} 5. Bb2 {[%emt 0:00:19]} c5 {[%emt 0:00:31]} 6. c4 Be7 {[%emt 0:00:26]} 7. O-O {[%emt 0:01:43]} Qc7 {[%emt 0:00:59]} 8. Nc3 {[%emt 0:01:06]} a6 {[%emt 0:00:08]} 9. Rc1 {[%emt 0:04:16]} d6 {[%emt 0:00:27]} 10. d4 {[%emt 0:00:43]} cxd4 {[%emt 0:00:07]} 11. Qxd4 {[%emt 0:01:33]} Nbd7 {[%emt 0:01:01]} 12. Rfd1 {[%emt 0:06:32]} O-O {[%emt 0:02:15]} 13. b4 {[%emt 0:06:57]} Rac8 {[%emt 0:02:06]} 14. Nd2 {[%emt 0:01:58]} Bxg2 {[%emt 0:00:33]} 15. Kxg2 {[%emt 0:00:00]} Rfe8 {[%emt 0:05:31]} 16. Nce4 {[%emt 0:03:41]} Qb7 {[%emt 0:06:28]} 17. Kg1 {[%emt 0:00:36]} d5 {[%emt 0:04:10]} 18. cxd5 {[%emt 0:11:56]} Qxd5 {[%emt 0:07:31]} 19. Qxd5 {[%emt 0:03:15]} Nxd5 {[%emt 0:01:11]} 20. a3 {[%emt 0:00:17]} b5 {[%emt 0:04:29]} 21. Nb3 {[%emt 0:00:34]} N7b6 {[%emt 0:00:33]} 22. Rxc8 {[%emt 0:01:12]} Rxc8 {[%emt 0:00:14]} 23. Nec5 {[%emt 0:00:05]} Nc4 {[%emt 0:00:45]} 24. Bc1 {[%emt 0:00:36]} Nc3 {[%emt 0:07:03]} 25. Re1 {[%emt 0:03:15]} a5 {[%emt 0:00:40]} 26. Be3 {[%emt 0:09:40]} axb4 {[%emt 0:03:33]} 27. axb4 {[%emt 0:02:29]} Nxe3 {[%emt 0:01:02]} 28. fxe3 {[%emt 0:00:02]} Nd5 {[%emt 0:00:49]} 29. Nd4 {[%emt 0:06:39]} Nxb4 {[%emt 0:03:17]} 30. Ne4 {[%emt 0:02:12]} Rb8 {[%emt 0:06:14]} 31. Nc3 {[%emt 0:03:15]} Nd5 {[%emt 0:05:03]} 32. Nc6 {[%emt 0:01:34]} Rb7 {[%emt 0:01:23]} 33. Nxb5 {[%emt 0:03:25]} Rxb5 {[%emt 0:00:25]} 34. e4 {[%emt 0:00:03]} Bc5+ {[%emt 0:00:10]} 0-1